All Cities And Towns In The Greater Los Angeles Area - Statistics

General Stats
  • This quiz has been taken 1,042 times
  • The average score is 77 of 182
Answers on the Map
Answers color-coded by a green-red scale on the quiz's map according to % correct below.
 
Answer Stats
County Pop. City % Correct
Los Angeles 3.82mi Los Angeles
94%
Los Angeles 449.5k Long Beach
91%
Orange 340.5k Anaheim
88%
Riverside 318.9k Riverside
87%
San Bernardino 223.7k San Bernardino
83%
Orange 314.6k Irvine
82%
Los Angeles 89.92k Santa Monica
82%
Los Angeles 10.28k Malibu
79%
Orange 138.3k Orange
79%
Los Angeles 133.6k Pasadena
79%
Orange 310.5k Santa Ana
79%
Los Angeles 224k Santa Clarita
78%
Orange 192.1k Huntington Beach
77%
Los Angeles 90.99k Compton
75%
Ventura 109.1k Ventura
75%
Los Angeles 30.97k Beverly Hills
74%
Los Angeles 187.1k Glendale
73%
Los Angeles 102.8k Burbank
72%
Los Angeles 166.2k Lancaster
71%
Ventura 198.5k Oxnard
71%
Los Angeles 102.9k Inglewood
69%
Los Angeles 161.4k Palmdale
69%
Ventura 123.5k Thousand Oaks
69%
Los Angeles 139.2k Torrance
69%
Riverside 45.22k Palm Springs
67%
San Bernardino 182.5k Ontario
64%
Los Angeles 34.35k West Hollywood
64%
Orange 82.64k Newport Beach
61%
Los Angeles 145.5k Pomona
61%
San Bernardino 174.4k Rancho Cucamonga
59%
Riverside 160.2k Corona
58%
Los Angeles 33.37k Manhattan Beach
57%
Los Angeles 23.36k San Fernando
56%
Riverside 212.4k Moreno Valley
55%
Ventura 125.1k Simi Valley
55%
Los Angeles 3.26k Avalon
53%
San Bernardino 215.5k Fontana
53%
Los Angeles 67.75k Redondo Beach
53%
San Bernardino 138.9k Victorville
53%
Los Angeles 48.73k Covina
52%
Los Angeles 39.04k Culver City
52%
Los Angeles 108.8k Downey
52%
Riverside 93.06k Indio
52%
Los Angeles 39.98k Rancho Palos Verdes
52%
Los Angeles 105.6k West Covina
52%
San Bernardino 93.11k Chino
51%
Orange 139.3k Fullerton
51%
Orange 22.33k Laguna Beach
51%
Los Angeles 91.14k Carson
49%
Riverside 110.7k Temecula
48%
Los Angeles 22.23k Calabasas
47%
San Bernardino 77.21k Chino Hills
47%
Los Angeles 103.8k El Monte
47%
Orange 168.2k Garden Grove
47%
Los Angeles 79.78k Alhambra
46%
Riverside 43.59k Coachella
46%
Los Angeles 16.45k El Segundo
46%
Orange 62.31k San Clemente
46%
Los Angeles 257 Industry
45%
Los Angeles 98.08k Norwalk
45%
Los Angeles 31.86k Bell
44%
Los Angeles 84.14k Whittier
44%
Orange 66.15k Yorba Linda
44%
San Bernardino 75.04k Apple Valley
43%
Los Angeles 54.16k Arcadia
43%
Los Angeles 35.64k Claremont
43%
Orange 108.4k Costa Mesa
43%
Los Angeles 83.36k Hawthorne
43%
Orange 90.62k Mission Viejo
43%
Riverside 51.95k Palm Desert
43%
Los Angeles 58.38k Gardena
42%
San Bernardino 100.6k Hesperia
42%
Los Angeles 19.54k La Cañada Flintridge
42%
Orange 24.35k Seal Beach
42%
Los Angeles 25.62k South Pasadena
42%
Los Angeles 49.93k Glendora
41%
Los Angeles 18.64k Hermosa Beach
41%
Riverside 107.3k Jurupa Valley
41%
Los Angeles 12.65k Palos Verdes Estates
41%
San Bernardino 24.96k Barstow
40%
Los Angeles 19.47k Agoura Hills
39%
Los Angeles 48.27k Azusa
39%
Orange 32.57k Dana Point
39%
Los Angeles 51.94k Huntington Park
39%
Riverside 111.9k Murrieta
39%
Orange 88.73k Westminster
39%
Orange 48.48k Brea
38%
Orange 81.96k Buena Park
38%
Ventura 69.51k Camarillo
38%
Los Angeles 46.8k Cerritos
38%
Orange 62.9k Laguna Niguel
38%
Orange 60.99k La Habra
38%
Los Angeles 78.14k Lakewood
38%
Los Angeles 57.88k Monterey Park
38%
Los Angeles 11.67k Commerce
37%
Los Angeles 52.04k Diamond Bar
37%
Los Angeles 60.02k Montebello
37%
Ventura 7.47k Ojai
37%
Los Angeles 1.64k Rolling Hills
37%
Orange 34.75k San Juan Capistrano
37%
Los Angeles 75.12k Bellflower
36%
San Bernardino 72.56k Redlands
36%
Los Angeles 37.73k San Gabriel
36%
Los Angeles 11.98k San Marino
36%
Los Angeles 90.07k South Gate
36%
Los Angeles 37.47k Bell Gardens
35%
Riverside 92.37k Hemet
35%
Los Angeles 33.11k San Dimas
35%
Orange 77.7k Tustin
35%
Orange 50.26k Aliso Viejo
34%
Los Angeles 36.77k Monrovia
34%
Los Angeles 8.03k Rolling Hills Estates
34%
Los Angeles 11.25k Signal Hill
34%
Los Angeles 68.81k Baldwin Park
33%
Riverside 52.36k Cathedral City
33%
Los Angeles 1.69k Hidden Hills
33%
San Bernardino 103.4k Rialto
33%
San Bernardino 28.73k Twentynine Palms
33%
Los Angeles 7.57k Westlake Village
33%
Riverside 73.03k Lake Elsinore
32%
Los Angeles 51.07k Paramount
32%
Los Angeles 19.03k South El Monte
32%
Los Angeles 209 Vernon
32%
Los Angeles 27.1k Walnut
32%
Los Angeles 23.13k Duarte
31%
Orange 55.47k Fountain Valley
31%
Los Angeles 13.4k Hawaiian Gardens
31%
Los Angeles 59.19k Pico Rivera
31%
San Bernardino 5.01k Big Bear Lake
30%
Orange 30.24k Laguna Hills
30%
Orange 85.84k Lake Forest
30%
Los Angeles 30.16k Lawndale
30%
Los Angeles 19.78k Lomita
30%
Los Angeles 63.23k Lynwood
30%
Riverside 113.4k Menifee
30%
Los Angeles 49.31k Rosemead
30%
Los Angeles 20.17k Santa Fe Springs
30%
San Bernardino 78.7k Upland
30%
Riverside 80.6k Perris
29%
San Bernardino 53.95k Yucaipa
29%
Los Angeles 21.72k Cudahy
28%
Los Angeles 45.51k La Mirada
28%
Orange 52.19k Placentia
28%
Ventura 21.22k Port Hueneme
28%
Los Angeles 34.85k Temple City
28%
Los Angeles 15.6k Artesia
27%
Orange 48.78k Cypress
27%
Riverside 33.44k Desert Hot Springs
27%
Los Angeles 1.43k Irwindale
27%
Orange 17k Laguna Woods
27%
Los Angeles 5.37k La Habra Heights
27%
Los Angeles 29.9k La Verne
27%
Riverside 25.4k Norco
27%
Orange 46.18k Rancho Santa Margarita
27%
Los Angeles 10.71k Sierra Madre
27%
San Bernardino 56.2k Highland
26%
Los Angeles 36.52k La Puente
26%
San Bernardino 21.66k Yucca Valley
26%
Riverside 58.46k Beaumont
25%
Riverside 70.51k Eastvale
25%
Los Angeles 23.82k Maywood
25%
San Bernardino 37.55k Montclair
25%
Ventura 35.54k Moorpark
25%
Riverside 39.08k La Quinta
24%
Ventura 31.79k Santa Paula
24%
San Bernardino 25.11k Loma Linda
23%
Orange 11.9k Los Alamitos
23%
Riverside 55.44k San Jacinto
23%
Orange 38.82k Stanton
23%
Los Angeles 892 Bradbury
22%
San Bernardino 53.36k Colton
21%
Ventura 17.19k Fillmore
21%
Riverside 4.86k Indian Wells
21%
San Bernardino 38.19k Adelanto
19%
Orange 15.03k La Palma
19%
Riverside 31.68k Banning
18%
Riverside 17.8k Rancho Mirage
18%
Orange 5.66k Villa Park
18%
Riverside 11.17k Calimesa
17%
Riverside 11.1k Canyon Lake
17%
Riverside 37.09k Wildomar
15%
San Bernardino 12.94k Grand Terrace
12%
No matching quizzes found
Score Distribution
Percent of People with Each Score
Percentile by Number Answered
Your Score History
You have not taken this quiz